| 000 | 00449nam a2200133Ia 4500 | ||
|---|---|---|---|
| 005 | 20260326235445.0 | ||
| 008 | 260326s9999||||xx |||||||||||||| ||und|| | ||
| 100 | _aFuenmayor Carvallo, Iliana Josefina | ||
| 245 | 0 |
_aSistemas constructivos Industrializados en concreto para producción de Vivienda / _cIliana Josefina Fuenmayor Carvallo |
|
| 260 | _bColegio Mayor de Cundinamarca | ||
| 300 | _a166 p. | ||
| 650 | _aDETALLES CONSTRUCTIVOS | ||
| 942 | _cBK | ||
| 999 |
_c7562 _d7562 |
||